000 00585nam a2200181 a 4500
005 20260415064152.0
008 991125s1935 mx 000 0 spa u
035 _aUPN01000008418
049 _aSEP
050 4 _aLB2823
_bH8.2
100 1 _aHuerta Maldonado, Miguel,
_d1908-2005
_928770
245 1 3 _aLa clasificación escolar, su función protectora del niño y sus ventajas para la educación /
_cMiguel Huerta.
260 _aMéxico :
_bSEP,
_c1935.
300 _a143 p.
650 4 _aMediciones y pruebas educativas
_94299
650 4 _aEvaluación educativa
_94298
905 _aLibro
999 _c8418
_d8418